Training effects in underfat females /

Bibliographic Details
Main Author: Coppens, Carole Elisabeth
Format: Thesis Microform Book
Language:English
Published: [Place of publication not identified] : [publisher not identified] ; 1983.
Subjects:

MARC

Tag First Indicator Second Indicator Subfields
LEADER 00000cam a2200000 a 4500
001 in00000023595
005 20151007054251.0
007 he bmb|||||||
008 851106r19851983orua bb 00010 eng d
035 |a (OCoLC)12764518 
035 |9 AAB4509AM 
040 |a ORU  |c MIA  |d MIA  |d HPE  |d TXA  |d UtOrBLW 
049 |a TXAI 
099 |a fiche  |a C  |a 9219 
100 1 |a Coppens, Carole Elisabeth. 
245 1 0 |a Training effects in underfat females /  |c by Carole Elisabeth Coppens. 
264 1 |a [Place of publication not identified] :  |b [publisher not identified] ;  |c 1983. 
300 |a xi, 101 leaves :  |b illustrations 
336 |a text  |b txt  |2 rdacontent 
337 |a microform  |b h  |2 rdamedia 
338 |a microfiche  |b he  |2 rdacarrier 
502 |b M.S  |c University of Colorado  |d 1983. 
504 |a Bibliography: leaves [83]-89. 
533 |a Microfiche.  |b Eugene :  |c Microform Publications, College of Human Development and Performance, University of Oregon,  |d 1985.  |e 2 microfiches : negative ; 11 x 15 cm. 
500 |a Microform. 
650 0 |a Exercise for women  |x Physiological aspects. 
650 0 |a Menstrual cycle. 
650 0 |a Women  |x Health and hygiene. 
999 |a MARS 
999 f f |s fff5d61e-9014-36f9-9ae1-d6c679e4e4e6  |i a5726ba3-e067-3ab8-97ab-57b97c6572bd  |t 0 
952 f f |p normal  |a Texas A&M University  |b College Station  |c Sterling C. Evans Library  |d Evans: Microforms (3rd floor)  |t 0  |e fiche C 9219  |h Other scheme  |i microform -- microfiche  |m A14822856814 
998 f f |a fiche C 9219  |t 0  |l Evans: Microforms (3rd floor)